000 00974nam a2200265Ia 4500
003 OSt
005 20221005103410.0
006 a|||||r|||| 00| 0
007 ta
008 221004b |||||||| |||| 00| 0 hin d
020 _a8179100650 (hbk)
024 _a26752
037 _bGift, 11/05/2016,
_cTextual
040 _aCRL
_cCRL
_bhin
041 _2hin
_ahin
082 _aY:4515, 152P9
100 _aशर्मा, प्रज्ञा
245 0 _aमहिलाएॅं, लैंगिक असमानता एवं अपराध
246 _aMahilāeॅan, laiangik asamānatā evan aparādha
260 _aजयपुर
_bआविष्कार पब्लिशर्स भारत
_c2009
300 _a174पृ0
_ccm.
650 _aभारतीय-लोक साहित्य
942 _hY:4515, 152P9
_cTEXL
_2cc
999 _c1009975
_d1009975